Propágulos e formação de micorriza em taludes de rodovia, no sul de Minas Gerais, Brasil (Registro n. 339900)
[ somente texto ]
| 000 -LÍDER | |
|---|---|
| fixed length control field | 04537nab a2200373 i 4500 |
| 003 - CÓDIGO MARC DA AGÊNCIA CATALOGADORA | |
| Campo de controle | BR-BrBNA |
| 005 - DATA E HORA DA ÚLTIMA ATUALIZAÇÃO | |
| Campo de controle | 20260122210627.0 |
| 008 - CAMPO DE TAMANHO FIXO | |
| fixed length control field | 260122b2016 bl.qr|pooa||| 00| 0 por | |
| 040 ## - FONTE DA CATALOGAÇÃO | |
| Agência catalogadora | BR-BrBNA |
| Idioma da catalogação | por |
| 072 ## - CATEGORIA AGRIS | |
| Código AGRIS | P34 |
| 072 ## - CATEGORIA AGRIS | |
| Código AGRIS | P36 |
| 072 ## - CATEGORIA AGRIS | |
| Código AGRIS | P33 |
| 100 ## - ENTRADA PRINCIPAL - NOME PESSOAL | |
| Nome pessoal | Melloni, Rogério |
| 100 ## - ENTRADA PRINCIPAL - NOME PESSOAL | |
| Nome pessoal | Faria, Marco Túlio de |
| 100 ## - ENTRADA PRINCIPAL - NOME PESSOAL | |
| Nome pessoal | Carneiro, Laís de Oliveira |
| 100 ## - ENTRADA PRINCIPAL - NOME PESSOAL | |
| Nome pessoal | Ferreira, Gustavo Magno dos Reis |
| 100 ## - ENTRADA PRINCIPAL - NOME PESSOAL | |
| Nome pessoal | Melloni, Eliane Guimarães Pereira |
| 100 ## - ENTRADA PRINCIPAL - NOME PESSOAL | |
| Nome pessoal | Alvarenga, Maria Inês Nogueira |
| 245 ## - TÍTULO PRINCIPAL | |
| Título principal | Propágulos e formação de micorriza em taludes de rodovia, no sul de Minas Gerais, Brasil |
| 500 ## - NOTA GERAL | |
| Nota geral | <br/><br/>Publicação online; 31 ref.; 5 tables; Summaries (En, Pt) |
| 942 ## - ADDED ENTRY ELEMENTS (KOHA) | |
| Koha item type | Analítica |
| 520 ## - NOTA DE RESUMO | |
| Nota de conteúdo | <br/><br/><br/>RESUMO - Áreas de taludes sofrem impactos em função do corte do solo em profundidade, dificultando sua revegetação. Entretanto, mesmo com limitações físicas e químicas da qualidade do solo, é observado o crescimento e/ou sobrevivência de espécies vegetais. Os solos de talude, além da baixa fertilidade, ainda são, normalmente, erodidos. Para esses casos, os microrganismos, como os fungos micorrízicos arbusculares, podem contribuir para aumentar a disponibilidade de nutrientes para as plantas e agregação do solo, auxiliando, assim, os processos de revegetação dessas áreas. Nesse sentido, o objetivo do presente trabalho foi caracterizar física e quimicamente seis taludes de corte revegetados naturalmente, em um trecho da rodovia MGC-383, sul de Minas Gerais, em duas profundidades (0-20 e 20-50 cm), relacionando-os com a presença de propágulos de fungos micorrízicos arbusculares (FMAs), por meio da densidade e diversidade de esporos, comprimento de micélio extrarradicular total, porcentagem e intensidade de colonização radicular, utilizando estatística descritiva e multivariada. Os resultados mostraram alta densidade de propágulos de FMAs, com baixa diversidade de espécies, apresentando dominância das espécies Acaulospora mellea, Acaulospora scrobiculata e Paraglomus brasilianum. As plantas mostram-se altamente micotróficas com mais de 74% de colonização micorrizica, demonstrando que a micorrização foi um mecanismo utilizado pelas plantas durante o processo natural de revegetação.<br/><br/><br/> <br/>Palavras-chave: áreas degradadas, fungos micorrízicos arbusculares, micotrofismo |
| 520 ## - NOTA DE RESUMO | |
| Nota de conteúdo | <br/><br/> <br/>ABSTRACT - Slope areas are impacted due to the cutting at depth of the soil, making it difficult to revegetate. However, even with physical and chemical limitations in soil quality, growth and/or survival of plant species have been observed. Slope soils, besides the low fertility, are still usually eroded. For these cases, microorganisms, such as arbuscular mycorrhizal fungi, can contribute to increase availability of nutrients for plants and soil aggregation, thereby aiding the process of revegetation of these areas. In this sense, the objective of this study was to characterize physically and chemically six cutting slope revegetated naturally on a stretch of road MGC-383, in southern Minas Gerais state, in two depths (0-20 and 20-50 cm), relating them to the presence of propagules from arbuscular mycorrhizal fungi (AMF) by the density and diversity of spores, total extraradical mycelium length, percentage and intensity of root colonization, using descriptive and multivariate statistics. The results showed high density of propagules of AMF, with low diversity of species, presenting dominance of species Acaulospora mellea, Acaulospora scrobiculata and Paraglomus brasilianum. The plants were highly mycotrophic, with mycorrhizal colonization up to 74%. The occurrence of AMF propagules and mycorrhiza formation showed that mycorrhiza can be a mechanism adopted for plants during the natural revegetation process of road slopes. <br/><br/><br/><br/>Key words: degraded areas, arbuscular mycorhizal fungi, mycotrophism |
| 650 ## - ASSUNTO - THESAGRO | |
| Cabeçalho tópico ou nome geográfico | ANÁLISE DO SOLO |
| 650 ## - ASSUNTO - THESAGRO | |
| Cabeçalho tópico ou nome geográfico | EROSÃO |
| 650 ## - ASSUNTO - THESAGRO | |
| Cabeçalho tópico ou nome geográfico | PROPRIEDADE FÍSICO-QUÍMICA |
| 650 ## - ASSUNTO - THESAGRO | |
| Cabeçalho tópico ou nome geográfico | MICORRIZA VESICULAR ARBUSCULAR |
| 650 ## - ASSUNTO - THESAGRO | |
| Cabeçalho tópico ou nome geográfico | MICROBIOLOGIA DO SOLO |
| 650 ## - ASSUNTO - THESAGRO | |
| Cabeçalho tópico ou nome geográfico | REVEGETAÇÃO |
| 650 ## - ASSUNTO - THESAGRO | |
| Cabeçalho tópico ou nome geográfico | CONSERVAÇÃO DO SOLO |
| 773 0# - ENTRADA ANALÍTICA | |
| Host Biblionumber | 4656 |
| Registro do item | 359909 |
| Imprenta | Recife-PE Universidade Federal Rural de Pernambuco 2006 |
| Outro identificador | 2026-0299 |
| Título | Revista Brasileira de Ciências Agrárias (Brazil) |
| ISSN | 1981-1160 |
| Colação | v. 11(1) p. 26-32; (2016) |
| Número de controle de registro | BR2025005486 |
| 856 ## - ACESSO E ENDEREÇO ELETRÔNICO | |
| Identificador uniforme de recurso - URI | http://www.agraria.pro.br/ojs32/index.php/RBCA/article/view/v11i1a5356/517 |
Nenhum exemplar disponível.

BINAGRI